Untold Story Of a Bhangi Vice-Chancellor/ (Record no. 201136)
[ view plain ]
| 000 -LEADER | |
|---|---|
| fixed length control field | 00571nam a22002057a 4500 |
| 005 - DATE AND TIME OF LATEST TRANSACTION | |
| control field | 20240229123805.0 |
| 010 ## - LCCN (DPL NO) | |
| LC control number | ENG-139495 |
| 020 ## - INTERNATIONAL STANDARD BOOK NUMBER | |
| International Standard Book Number | 9788181981158 |
| Terms of availability | 300.00 |
| 035 ## - SYSTEM CONTROL NUMBER | |
| System control number | EN-123027 |
| 037 ## - SOURCE OF ACQUISITION | |
| Source of stock number/acquisition | DBAD/PUB |
| 082 ## - DEWEY DECIMAL CLASSIFICATION NUMBER | |
| Classification number | 305.5688 |
| 100 ## - MAIN ENTRY--PERSONAL NAME | |
| Personal name | Shyamlal |
| 245 ## - TITLE STATEMENT | |
| Title | Untold Story Of a Bhangi Vice-Chancellor/ |
| Medium | English |
| 260 ## - PUBLICATION, DISTRIBUTION, ETC. (IMPRINT) | |
| Place of publication, distribution, etc | Jaipur |
| Name of publisher, distributor, etc | University Book House Pvt. Ltd. |
| 270 ## - ADDRESS | |
| Address | 79, Chaura Rasta , |
| City | Jaipur |
| Postal code | 302003 |
| 300 ## - PHYSICAL DESCRIPTION | |
| Extent | 372Pages; |
| Dimensions | 23cm(hb) |
| 700 ## - ADDED ENTRY--PERSONAL NAME | |
| 9 (RLIN) | 61835 |
| 760 ## - MAIN SERIES ENTRY | |
| Edition | 1 |
| 942 ## - ADDED ENTRY ELEMENTS (KOHA) | |
| Item type | English Books |
| Classification part | 305.5688 |
| Source of classification or shelving scheme | Dewey Decimal Classification |
| Call number suffix | SHY |
No items available.
